| 000 | 00494nam a22001697a 4500 | ||
|---|---|---|---|
| 003 | OSt | ||
| 005 | 20260126071215.0 | ||
| 008 | 260126b |||||||| |||| 00| 0 eng d | ||
| 020 | _a1-8811-6484-5. | ||
| 040 |
_aDWC-Main lib. _cOC |
||
| 082 | _aFic. Sc33d 1999 | ||
| 100 | _aSchiller, Gerald A. | ||
| 245 |
_aDeath underground : _ba novel/ _cGerald A. Schiller |
||
| 260 |
_aVirginia : _b Intercontinental Publishing, _cc1999. |
||
| 300 |
_a220 p. ; _c22 cm. |
||
| 942 |
_2ddc _cFIC. _hFic. _n0 |
||
| 999 |
_c7810 _d7810 |
||